Los intelectuales perciben lo político en Costa Rica /
Gespeichert in:
| Hauptverfasser: | , , |
|---|---|
| Format: | Unbekannt |
| Schlagworte: | |
| Tags: |
Tag hinzufügen
Keine Tags, Fügen Sie den ersten Tag hinzu!
|
MARC
| LEADER | 000000000a22000000004500 | ||
|---|---|---|---|
| 001 | 004815 | ||
| 100 | 1 | |a Jiménez Matarrita, Alexander, |d 1955- | |
| 100 | 1 | |a Oyamburu, Jesús | |
| 100 | 1 | |a González, Miguel Ángel | |
| 245 | 1 | 4 | |a Los intelectuales perciben lo político en Costa Rica / |c Alexander Jiménez Matarrita, Jesús Oyamburu, Miguel Ángel González. |
| 310 | |a trimestral | ||
| 650 | 4 | |a INTELECTUALES | |
| 650 | 4 | |a PODER (CIENCIAS SOCIALES) | |
| 773 | 0 | |d San José, Costa Rica : Editorial de la Universidad de Costa Rica |t Revista de Ciencias Sociales |g número 84-85 (1999), páginas 187-191 | |
| 942 | |c ARC | ||
| 999 | |c 11513 |d 11513 | ||
